|
|
|
|
| LEADER |
00000cam a2200000 a 4500 |
| 001 |
vtls001379579 |
| 003 |
SK-MaSNL |
| 005 |
20260301071135.0 |
| 008 |
251113s1998 xv a r 00000 slv |
| 020 |
|
|
|a 9616242040
|
| 035 |
|
|
|a SNK000333554
|
| 040 |
|
|
|a SNK
|b slo
|c SNK
|e AACR2
|
| 041 |
0 |
|
|a slv
|
| 044 |
|
|
|a xv
|c SI
|
| 080 |
|
|
|a 930.27(38):003.341
|2 1981
|
| 100 |
1 |
|
|a Babič, Matjaž
|4 aut
|9 388471
|
| 245 |
1 |
0 |
|a Besedni red in zgradba besedil na mikenskih tablicah
|c Matjaž Babič
|
| 260 |
|
|
|a Ljubljana
|b Slovenska akademija znanosti in umetnosti
|c 1997
|
| 300 |
|
|
|a 339 s.
|c 24 cm
|
| 490 |
1 |
|
|a Dela
|v 47
|
| 500 |
|
|
|a Súbež. názov a text nem.
|
| 650 |
0 |
7 |
|a grécke písmo
|2 SNKPH
|9 151361
|
| 650 |
0 |
7 |
|a archeologické nálezy
|2 SNKPH
|9 4975
|
| 651 |
|
7 |
|a Mykény (Grécko : zaniknuté mesto)
|2 SNKPHgeo
|9 25354
|
| 655 |
|
7 |
|a monografie
|2 SNKPH
|9 70139
|
| 810 |
2 |
|
|a Slovenska akademija znanosti in umetnosti (Ljubljana, Slovinsko).
|b Razred za filološke in literarne vede
|t Dela
|9 365381
|
| 919 |
|
|
|a 961-6242-04-0
|
| 958 |
|
|
|a SI
|
| 999 |
|
|
|c 636740
|d 638670
|
| 952 |
|
|
|t P60, <04>, [BOOK], {604}
|a SNK
|b SNK
|y VYP
|7 0
|p 17A0226393
|o snkIC 128350
|i snkV 190/2000
|0 0
|1 0
|4 0
|d 2000-02-08
|l 0
|r 2005-01-02 00:00:00
|w 2026-02-23
|